| 000 | 00645 a2200217 4500 | ||
|---|---|---|---|
| 003 | Nust | ||
| 005 | 20170207154042.0 | ||
| 010 | _a 2003057903 | ||
| 020 | _a0321109295 (pbk.) | ||
| 020 | _a9780321109293 (pbk.) | ||
| 035 | _a(OCoLC)ocm52594738 | ||
| 040 | _cNust | ||
| 082 | 0 | 0 | _a005.16 |
| 100 | 1 | _aWake, William C., | |
| 245 | 1 | 0 |
_aRefactoring workbook -(E-BOOK) _cWilliam C. Wake. |
| 260 |
_aBoston : _bAddison-Wesley, _cc2004. |
||
| 300 |
_axvi, p. : _bill. ; _c24 cm. |
||
| 505 | _aSection 1: Smells Within Classes Section 2: Smells Between Classes Section 3: Programs to Refactor | ||
| 650 | 0 | _aSoftware refactoring. | |
| 651 | _aE-BOOK | ||
| 942 |
_2ddc _cBK |
||
| 999 |
_c192684 _d192684 |
||